Normal view
MARC view
- Allen, Tom E
Entry Personal Name
001 - CONTROL NUMBER
- control field: 62068
003 - CONTROL NUMBER IDENTIFIER
- control field: NUST
005 - DATE AND TIME OF LATEST TRANSACTION
- control field: 20210628202853.0
008 - FIXED-LENGTH DATA ELEMENTS
- fixed length control field: 210628|| aca||aabn | a|a d
040 ## - CATALOGING SOURCE
- Original cataloging agency: NUST
- Transcribing agency: NUST
100 ## - HEADING--PERSONAL NAME
- Personal name: Allen, Tom E
670 ## - SOURCE DATA FOUND
- Source citation: Work cat.: (NUST): Allen, Tom E, Oil spill chemical dispersants, research, experience and recommendations, 1984
